Statistics for FIFA 23 Road To The Knockouts

Click here to take the quiz!

General Stats

  • This quiz has been taken 95 times
    (83 since last reset)
  • The average score is 15 of 24

Answer Stats

ClubCompetitionPositionRatingAnswer% Correct
PSGChampions LeagueRW92Lionel Messi
98%
Bayern MunichChampions LeagueCAM88Thomas Muller
89%
Man CityChampions LeagueLW88Phil Foden
82%
Borussia DortmundChampions LeagueCB87Niklas Sule
75%
ChelseaChampions LeagueST89Pierre-Emerick Aubameyang
75%
Real MadridChampions LeagueCM87Federico Valverde
69%
ArsenalEuropa LeagueCAM86Martin Odegaard
67%
VillarrealConference LeagueST87Gerard Moreno
66%
LiverpoolChampions LeagueCB85Ibrahima Konate
66%
Man UnitedEuropa LeagueRB84Aaron Wan-Bissaka
64%
TottenhamChampions LeagueRW85Dejan Kulusevski
64%
JuventusChampions LeagueCB86Gleison Bremer
64%
AC MilanChampions LeagueCDM84Ismael Bennacer
64%
Bayer LeverkusenChampions LeagueST87Patrik Schick
61%
BarcelonaChampions LeagueRW86Raphinha
61%
West HamConference LeagueCAM85Lucas Paqueta
57%
BenficaChampions LeagueCM85Joao Mario
54%
RennesEuropa LeagueLW85Martin Terrier
54%
NapoliChampions LeagueCDM84Zambo Anguissa
54%
NantesEuropa LeagueLM82Moses Simon
52%
Inter MilanChampions LeagueLWB84Robin Gosens
52%
Atletico MadridChampions LeagueCM86Thomas Lemar
51%
FiorentinaConference LeagueRW83Jonathan Ikone
48%
PSVEuropa LeagueRW85Savio
44%

Score Distribution

Percentile by Number Answered

Percent of People with Each Score

Your Score History

You have not taken this quiz since the last reset